The anatomy of bamboo culms

Bibliographic Details
Main Author: LIESE
Corporate Author: International Network for Bamboo and Rattan (INBAR)
Format: Book
Published: Beijing, China : International Network for Bamboo and Rattan , 1998
Series:Technical report
Subjects:

MARC

LEADER 00000cam a2200000 7i4500
001 0000000932
005 20001115.0
020 0 0 |a 8186247262 
090 0 0 |a 633.58   |b LIE 1998 
100 1 0 |a LIESE   |h Walter 
245 1 4 |a The anatomy of bamboo culms   |c Walter Liese 
260 0 0 |a Beijing, China :   |b International Network for Bamboo and Rattan ,   |c 1998 
300 |a 208 p. :   |b ill.(some col.) ;   |c 24 cm. 
440 0 0 |a Technical report 
500 0 0 |a Bibliography: [p. 175-191] and index 
650 0 0 |a Bamboo 
710 1 1 |a International Network for Bamboo and Rattan (INBAR) 
999 |a 0000002272   |b Monograph   |c Open Shelf   |e Default branch